| 000 | 02357nam a2200373 a 4500 | ||
|---|---|---|---|
| 001 | ebr10728355 | ||
| 003 | CaPaEBR | ||
| 006 | m o u | ||
| 007 | cr cn||||||||| | ||
| 008 | 130329s2014 enka sb 001 0 eng d | ||
| 010 | _z 2013006406 | ||
| 020 | _z9781405162142 (pbk. : alk. paper) | ||
| 020 | _z9781405162135 (hardback : alk. paper) | ||
| 020 | _z9781118587898 (e-book) | ||
| 040 |
_aCaPaEBR _cCaPaEBR |
||
| 035 | _a(OCoLC)854569064 | ||
| 050 | 1 | 4 |
_aHM1271 _b.J656 2013eb |
| 082 | 0 | 4 |
_a305.8 _223 |
| 100 | 1 | _aJones, James M. | |
| 245 | 1 | 4 |
_aThe psychology of diversity _h[electronic resource] : _bbeyond prejudice and racism / _cJames M. Jones, John F. Dovidio, and Deborah L. Vietze. |
| 260 |
_aChichester ; _aMalden, Mass. : _bWiley Blackwell, _c2014. |
||
| 300 |
_axvii, 407 p. : _bill. |
||
| 504 | _aIncludes bibliographical references and index. | ||
| 505 | 0 | _aPreface -- Framing diversity -- The psychology of diversity: challenges and benefits -- Central concepts in the psychology of diversity -- Historical perspectives on diversity in the United States -- Psychological processes -- Personality and individual differences : how different types of people respond to diversity in different ways -- Social cognition and categorization : distinguishing "us" from "them" -- Social identity, roles, and relations : motivational influences in responses to diversity -- Is bias in the brain? -- Coping and adapting to stigma and difference -- Intergroup interactions : pitfalls and promises -- Culture, power, and institutions -- Cultural diversity : preferences, meaning and difference -- Social roles and power in a diverse society -- The challenge of diversity for institutions -- The psychology of diversity : principles and prospects -- Glossary -- Index. | |
| 533 |
_aElectronic reproduction. _bPalo Alto, Calif. : _cebrary, _d2013. _nAvailable via World Wide Web. _nAccess may be limited to ebrary affiliated libraries. |
||
| 650 | 0 |
_aMulticulturalism _xPsychological aspects. |
|
| 650 | 0 | _aPrejudices. | |
| 650 | 0 | _aStereotypes (Social psychology) | |
| 655 | 7 |
_aElectronic books. _2local |
|
| 700 | 1 | _aDovidio, John F. | |
| 700 | 1 | _aVietze, Deborah L. | |
| 710 | 2 | _aebrary, Inc. | |
| 856 | 4 | 0 |
_uhttp://site.ebrary.com/lib/rucke/Doc?id=10728355 _zAn electronic book accessible through the World Wide Web; click to view |
| 999 |
_c37873 _d37873 |
||